000 00747nam a2200193 i 4500
001 168075
003 ES-MaACL
005 20230906213656.0
008 051005s1873 gw | |||||||| ||eng d
040 _aCAM
_bspa
_cCAM
100 1 _aYonge, Charlotte Mary (
_d1823-1901)
_9133993
245 1 4 _aThe pillars of the house, or, Under wode, under rode /
_cby Charlotte M. Yonge.
260 _aLeipzig :
_bBernhard Tauchnitz,
_c1873.
300 _a5 v. ;
_c16 cm.
490 1 _aCollection of british authors ;
_v1327-1330 ; 1350
830 0 _aCollection of british authors ;
_v1327-1330 ; 1350
_9180703
852 _aES-MaACL
_jG-13103-04
_z-- Enc. hol., conservando la cub. original
_q-- Falta el T. V
_z-- Enc. 4 t. en 2 v.
999 _c168075
_d168075